000 00261nam a2200109Ia 4500
008 190216s9999||||xx |||||||||||||| ||und||
100 _aRaj K Bansal
245 0 _aTextbook Of Organic Chemistry
260 _bWiley Eastern Ltd
_c1985
300 _a840p
942 _cBK
999 _c2843
_d2843